A literary interpretation of the story of Prophet Yusuf in the translated text of the Qur'an with particular reference to the themes of human values /
Saved in:
| Main Author: | |
|---|---|
| Format: | Thesis |
| Language: | English |
| Published: |
Gombak :
Kulliyyah of Islamic Revealed Knowledge and Human Sciences, International Islamic University Malaysia,
2004
|
| Subjects: | |
| Online Access: | http://studentrepo.iium.edu.my/handle/123456789/6155 |
| Tags: |
Add Tag
No Tags, Be the first to tag this record!
|
| LEADER | 024530000a22004210004500 | ||
|---|---|---|---|
| 001 | 287344 | ||
| 005 | 20090602154700.0 | ||
| 008 | 040805t2003 my g 000 0 eng d | ||
| 035 | |a (Sirsi) 287344 | ||
| 040 | |a UIAM |b eng | ||
| 041 | 0 | |a eng | |
| 043 | |a a-my--- | ||
| 049 | |b m | ||
| 050 | |a BP133.7J67 | ||
| 100 | 0 | |a Zulina binti Zailani | |
| 245 | 1 | 2 | |a A literary interpretation of the story of Prophet Yusuf in the translated text of the Qur'an with particular reference to the themes of human values / |c by Zulina Binti Zailani |
| 260 | |a Gombak : |b Kulliyyah of Islamic Revealed Knowledge and Human Sciences, International Islamic University Malaysia, |c 2004 | ||
| 300 | |a 60 p. ; |c 30 cm. | ||
| 500 | |a "A thesis submitted in partial fulfilment [sic] of the requirements for the Degree of Master of Human Sciences in English Literary Studies"-- On t.p. | ||
| 500 | |a Abstracts in English and Arabic | ||
| 502 | |a Thesis (MHSLS) -- International Islamic University Malaysia, 2004 | ||
| 504 | |a Includes bibliographical references [leaves 58-60] | ||
| 530 | |a Also available on 4 3/4 in. computer optical disc. | ||
| 596 | |a 1 | ||
| 600 | 1 | 0 | |a Yusuf, The Prophet, in the Qur'an |
| 630 | 0 | 0 | |a Qur'an. |p Surat Yusuf |x Commentaries |
| 650 | 0 | |a Qur'an as literature | |
| 655 | 0 | 7 | |a Theses, IIUM local |
| 690 | 0 | |a Dissertations, Academic |x Department of English Language and Literature |z IIUM | |
| 710 | 2 | |a International Islamic University Malaysia. |b Department of English Language and Literature | |
| 730 | 2 | |a A literary interpretation of the story of prophet Yusuf in the translated text of the Qur'an with particular reference to the themes of human values (Electronic resource) | |
| 856 | 4 | |u http://studentrepo.iium.edu.my/handle/123456789/6155 | |
| 900 | |a hj-his-bs | ||
| 999 | |c 432369 |d 463762 | ||
| 952 | |0 0 |6 LU T BP133.7J67Z93L 2003 |7 0 |8 THESES |9 755077 |a IIUM |b IIUM |c CLOSEACCES |g 0.00 |o lu t BP133.7J67Z93L 2003 |p 00000894800 |r 2017-10-24 |t 2 |v 0.00 |y THESIS | ||
| 952 | |0 0 |6 LU T BP133.7J67Z93L 2003 |7 0 |8 THESES |9 755078 |a IIUM |b IIUM |c CLOSEACCES |g 0.00 |o lu t BP133.7J67Z93L 2003 |p 00011274509 |r 2017-10-24 |t 3 |v 0.00 |y THESIS | ||
| 952 | |0 0 |6 T BP133.7J67Z93L 2003 |7 0 |8 THESES |9 755463 |a IIUM |b IIUM |c MULTIMEDIA |g 0.00 |o t BP133.7J67Z93L 2003 |p 00000894805 |r 2017-10-17 |t 1 |v 0.00 |y THESIS | ||
| 952 | |0 0 |6 TS CDF BP133.7J67Z93L 2003 |7 0 |8 THESES |9 815955 |a IIUM |b IIUM |c MULTIMEDIA |g 0.00 |o ts cdf BP133.7J67Z93L 2003 |p 11100325354 |r 2017-10-26 |t 1 |v 0.00 |y THESISDIG | ||
